| 000 | 00453nam a22001577a 4500 | ||
|---|---|---|---|
| 008 | 190226b xxu||||| |||| 00| 0 eng d | ||
| 022 | _a0304-405X | ||
| 245 |
_aThreat of entry and debt maturity: Evidence from airlines/ _cParise, Gianpaolo |
||
| 260 |
_aAmsterdam _bELSEVIER _cFebruary 2018 |
||
| 300 | _aPages 226-247 | ||
| 690 | _aCompetition | ||
| 690 | _aDebt maturity | ||
| 690 | _aRoller risk | ||
| 690 | _aThreat of entry | ||
| 942 |
_2lcc _cSE |
||
| 999 |
_c361286 _d361286 |
||